000 00536nam a22001697a 4500
999 _c9126
_d9126
008 210323b ||||| |||| 00| 0 eng d
040 _aBMS College of Architecture
100 _aShetty, A Sonika
245 _aJubilee rejuvenescent- campus for senior citizens
300 _a50p.
500 _a1BM05AT048
502 _8B.Arch
_NBMS College of Architecture, Visvesvaraya Technological University
_aProject report
_d2011
650 _aCampus
700 _aSindhu Srikanth
_eGuide
700 _aK R Madhu Chand
_eGuide
942 _2ddc
_cTHE